000 01094nam a22003137a 4500
001 7363
003 FISKH
005 20250710151850.0
008 250710b cb ||||| |||| 00| 0 eng d
020 _a9781471144011
040 _aFISKH
_beng
_cFISKH
_dFISKH
050 _aPZ7.R915935 D
082 _a813.6
100 _aRussell, Rachel Renée
245 _aDork Diaries :
_bTales from a Not-So-Fabulous life /
_cBy Rachel Renée Russell
250 _aThis edition published 2015
260 _aLondon :
_bSimon and Schuster ,
_c2009.
300 _a282 pages :
_billustrations ;
_c20 cm .
490 _aDork Diaries
505 _aP
520 _aFourteen-year-old Nikki Maxwell writes in her diary of her struggle to be popular at her exclusive new private school, then of finding her place after she gives up on being part of the elite group.
521 8 _a650
_bLexile estimate
521 8 _aP
_bRaz-Plus
650 _aFriendship
_v Juvenile Fiction
650 _aPopularity
_vFiction
700 _aVega, Lisa
_eDesigner
942 _2ddc
_cBK
_n0
999 _c7363
_d7363